| 000 | 00496nam a22001577a 4500 | ||
|---|---|---|---|
| 020 | _a0-7923-8613-2 | ||
| 082 |
_a624.151 _bROW _cN-01, P-101,P-89 |
||
| 100 |
_aRowe Kerry R. _942751 |
||
| 245 |
_aGeotechnical and Geoenvironmental Engineering Handbook _cRowe Kerry R. |
||
| 260 |
_aBoston _bKluwer Academic Publishers _cc2001 |
||
| 300 |
_avii, p1088 _c25 cm |
||
| 526 |
_a0 _b0 _c0 _d624_151000000000000_ROW |
||
| 526 |
_a0 _b0 _c0 _d624_151000000000000_ROW |
||
| 650 |
_amce _9379 |
||
| 942 |
_2ddc _cBK |
||
| 999 |
_c546598 _d546598 |
||